| 000 | 00000nam 2200000zi 4500 |
| 001 | 9.937141 |
| 003 | CaOODSP |
| 005 | 20240513102635 |
| 006 | m o d f |
| 007 | cr |n||||||||| |
| 008 | 240419s1994 onc ob f000 0 eng d |
| 040 | |aCaOODSP|beng|erda|cCaOODSP |
| 043 | |an-cn--- |
| 086 | 1 |aJ2-915/1994E-PDF |
| 245 | 00|aObtaining and banking DNA forensic evidence : |bconsultation paper / |cCriminal and Social Policy Sector. |
| 264 | 1|a[Ottawa] : |bDepartment of Justice Canada = Ministère de la justice Canada, |c[1994] |
| 300 | |a1 online resource (iii, 31 pages) |
| 336 | |atext|btxt|2rdacontent |
| 337 | |acomputer|bc|2rdamedia |
| 338 | |aonline resource|bcr|2rdacarrier |
| 500 | |aDigitized edition from print [produced by Department of Justice Canada]. |
| 500 | |aIssued also in French under title: L'enquête préliminaire : est-elle toujours nécessaire : propositions de modification du Code criminel : document de consultation. |
| 500 | |aImperfect: page ii wanting. |
| 504 | |aIncludes bibliographical references (pages 28-31). |
| 650 | 0|aDNA fingerprinting|zCanada. |
| 650 | 0|aForensic genetics|zCanada. |
| 650 | 0|aCriminal investigation|zCanada. |
| 710 | 1 |aCanada. |bDepartment of Justice, |eissuing body. |
| 775 | 08|tCollecte et entreposage des preuves médico-légales à caractère génétique : |w(CaOODSP)9.937140 |
| 856 | 40|qPDF|s423 KB|uhttps://publications.gc.ca/collections/collection_2024/jus/J2-915-1994-eng.pdf |